Biology : (Record no. 144321)

MARC details
000 -LEADER
fixed length control field 01037nam a22002777a 4500
005 - DATE AND TIME OF LATEST TRANSACTION
control field 20191213124549.0
010 ## - LCCN (DPL NO)
LC control number 1718EN-30 ENG-121795
020 ## - INTERNATIONAL STANDARD BOOK NUMBER
International Standard Book Number 9789332570986
Terms of availability 989.00
035 ## - SYSTEM CONTROL NUMBER
System control number EN-105327
035 ## - SYSTEM CONTROL NUMBER
System control number B-731110
035 ## - SYSTEM CONTROL NUMBER
System control number B-683946-952
037 ## - SOURCE OF ACQUISITION
Source of stock number/acquisition BSB
Stock number dpl
037 ## - SOURCE OF ACQUISITION
Source of stock number/acquisition DBAD/PUB
082 ## - DEWEY DECIMAL CLASSIFICATION NUMBER
Classification number 570
100 ## - MAIN ENTRY--PERSONAL NAME
Personal name Audesirk, Gerald
245 ## - TITLE STATEMENT
Title Biology :
Statement of responsibility, etc by Gerald Audesirk, Teresa Audesirk [and] Bruce E. Byers
Remainder of title life on earth with physiology /
250 ## - EDITION STATEMENT
Edition statement 10th ed
260 ## - PUBLICATION, DISTRIBUTION, ETC. (IMPRINT)
Date of publication, distribution, etc 2016
Place of publication, distribution, etc Noida
Name of publisher, distributor, etc Pearson India
270 ## - ADDRESS
Address 15th Floor,, Tower-B, World Trade, Plot No.1, Block-C, Sector-16,
City Noida
Postal code 201301
300 ## - PHYSICAL DESCRIPTION
Dimensions 25cm(pbk)
Extent 1042p. :
Other physical details ill.
700 ## - ADDED ENTRY--PERSONAL NAME
Personal name Audesirk, Teresa
700 ## - ADDED ENTRY--PERSONAL NAME
Personal name Byers, Bruce E.
942 ## - ADDED ENTRY ELEMENTS (KOHA)
Item type English Books
Source of classification or shelving scheme Dewey Decimal Classification
Call number suffix AUD
Classification part 570
Holdings
Withdrawn status Lost status Not for loan Collection code Home library Current library Date acquired Source of acquisition Cost, normal purchase price Full call number Barcode Copy number Cost, replacement price Koha item type
      Non-fiction Ashok Vihar Ashok Vihar 05/02/2018 BSB/299/1.12.2017/BPPB/EN/2017-18/641/20.11.17/14.12.2017 989.00 570 AUD B-683947 1 989.00 English Books
      Non-fiction Bawana Bawana 05/02/2018 BSB/299/1.12.2017/BPPB/EN/2017-18/641/20.11.17/14.12.2017 989.00 570 AUD B-683952 1 989.00 English Books
      Non-fiction Central Library Central Library 05/02/2018 BSB/299/1.12.2017/BPPB/EN/2017-18/641/20.11.17/14.12.2017 989.00 570 AUD B-683946 1 989.00 English Books
    Not For Loan Non-fiction D.B.Act.Division D.B.Act.Division 08/12/2017 DBAD/PUB 989.00 570 AUD EN-105327 1 959.00 English Books
      Non-fiction Janak Puri Janak Puri 05/02/2018 BSB/299/1.12.2017/BPPB/EN/2017-18/641/20.11.17/14.12.2017 989.00 570 AUD B-683949 1 989.00 English Books
      Non-fiction Kadipur Kadipur 10/12/2019 Gift/ Eng./13.11.2019 989.00 570 AUD B-731110 1 989.00 English Books
      Non-fiction Narela Narela 05/02/2018 BSB/299/1.12.2017/BPPB/EN/2017-18/641/20.11.17/14.12.2017 989.00 570 AUD B-683951 1 989.00 English Books
      Non-fiction Patel Nagar Patel Nagar 05/02/2018 BSB/299/1.12.2017/BPPB/EN/2017-18/641/20.11.17/14.12.2017 989.00 570 AUD B-683948 1 989.00 English Books
      Non-fiction Sarojini Nagar Sarojini Nagar 05/02/2018 BSB/299/1.12.2017/BPPB/EN/2017-18/641/20.11.17/14.12.2017 989.00 570 AUD B-683950 1 989.00 English Books

© Delhi Public Library
Hit Counter
free hit counter